Histoire Générales des huns, des turcs, des mogols, et des autres tartares occidentaux, avant et depuis J. C.t jusqu'a préesent ; précédée d'une introduction contenant des tables chronologiques & historiques des princes qui ont regné dans l'Asie ... / (Record no. 154898)

MARC details
000 -LEADER
campo de control de longitud fija 01107nam a22002295i 4500
001 - NÚMERO DE CONTROL
campo de control 154898
003 - IDENTIFICADOR DE NÚMERO DE CONTROL
campo de control ES-MaACL
005 - FECHA Y HORA DE LA ÚLTIMA TRANSACCIÓN
campo de control 20230906205908.0
008 - DATOS DE LONGITUD FIJA--INFORMACIÓN GENERAL
campo de control de longitud fija 981001s1756 fr a |||| | fre d
040 ## - FUENTE DE CATALOGACIÓN
Centro catalogador/agencia de origen CCPB | B
Lengua de catalogación spa
Centro/agencia transcriptor CCPB | B
100 1# - ENTRADA PRINCIPAL--NOMBRE DE PERSONA
Nombre de persona Guignes, Joseph de.
9 (RLIN) 127615
245 10 - MENCIÓN DEL TÍTULO
Título Histoire Générales des huns, des turcs, des mogols, et des autres tartares occidentaux, avant et depuis J. C.t jusqu'a préesent ; précédée d'une introduction contenant des tables chronologiques & historiques des princes qui ont regné dans l'Asie ... /
Mención de responsabilidad, etc. par M. De Guignes ... ; tome premiere, seconde partie.
260 ## - PUBLICACIÓN, DISTRIBUCIÓN, ETC.
Lugar de publicación, distribución, etc. A Paris :
Nombre del editor, distribuidor, etc. chez Desaint & Saillant,
Fecha de publicación, distribución, etc. 1756.
300 ## - DESCRIPCIÓN FÍSICA
Extensión 8, XCVI, 522 p. :
Otras características físicas il. ;
Dimensiones 4º.
597 ## - NOTA DE DESCRIPCIÓN FÍSICA
NOTA DE DESCRIPCIÓN FÍSICA Sign.: []4 a-m4 A-Z4, 2A-2Z4, 3A-3T4, 3V1.
597 ## - NOTA DE DESCRIPCIÓN FÍSICA
NOTA DE DESCRIPCIÓN FÍSICA Port. con grab. xil.
599 ## - NOTA A LAS ILUSTRACIONES
NOTA A LAS ILUSTRACIONES Ilustraciones grab. xil.
650 #4 - PUNTO DE ACCESO ADICIONAL DE MATERIA--TÉRMINO DE MATERIA
Término de materia o nombre geográfico como elemento de entrada Hunos-
Subdivisión general Historia.
9 (RLIN) 136249
650 #4 - PUNTO DE ACCESO ADICIONAL DE MATERIA--TÉRMINO DE MATERIA
Término de materia o nombre geográfico como elemento de entrada Mongoles-
Subdivisión general Historia.
9 (RLIN) 15168
650 #4 - PUNTO DE ACCESO ADICIONAL DE MATERIA--TÉRMINO DE MATERIA
Término de materia o nombre geográfico como elemento de entrada Tártaros-
Subdivisión general Historia.
9 (RLIN) 136962
852 ## - LOCALIZACIÓN
Ubicación ES-MaACL
Número de control de estantería R-1349-53
Nota libre -- Enc. piel
-- -- Ex-libris de la Biblioteca Real
Encuadernación -- Edic.: Antep.
-- Olim: G-12055-9
Holdings
Estatus retirado Estado de pérdida Estado de daño No para préstamo Colección Biblioteca de origen Biblioteca actual Ubicación en estantería Fecha de adquisición Total de préstamos Signatura topográfica completa Código de barras Visto por última vez Precio de reemplazo Tipo de ítem Koha
        Libros del s. XVIII Biblioteca del Ateneo de Madrid Biblioteca del Ateneo de Madrid Depósito 17/01/2008   R-1349-53 1162029 23/02/2023 23/02/2023 Libro impreso antiguo